|
|
|
|
| LEADER |
01360nam a22003258a 4500 |
| 001 |
28638 |
| 003 |
BD-DhAAL |
| 005 |
20151027020001.0 |
| 008 |
141209t20122009nyu b 001 0 eng |
| 010 |
|
|
|a 2006045777
|
| 020 |
|
|
|a 9780273694052
|
| 020 |
|
|
|a 9788131725191
|
| 020 |
|
|
|a 0273694057
|
| 040 |
|
|
|a DLC
|c DLC
|d BD-DhAAL
|
| 042 |
|
|
|a pcc
|
| 050 |
0 |
0 |
|a HF5415.1265
|b .I57 2006
|
| 082 |
|
|
|2 21
|a 658.8/4
|
| 245 |
0 |
0 |
|a Internet marketing :
|b strategy, implementation and practice /
|c Dave Chaffey ... [et al.].
|
| 250 |
|
|
|a 3rd ed.
|
| 260 |
|
|
|a New York ;
|a New Delhi :
|b Pearson Education ;
|b Dorling Kindersley (India) Pvt. Ltd.,
|c c2009 [third impression].
|
| 300 |
|
|
|a xxviii, 550 p. :
|b ill. ;
|c 23 cm.
|
| 504 |
|
|
|a Includes bibliographical references and index.
|
| 541 |
|
|
|e 28638
|
| 650 |
|
0 |
|a Internet marketing.
|9 6764
|
| 650 |
|
0 |
|a Internet.
|9 6765
|
| 700 |
1 |
|
|a Chaffey, Dave,
|d 1963-
|9 6759
|
| 942 |
|
|
|2 ddc
|c BK
|0 3
|
| 999 |
|
|
|c 33283
|d 33283
|
| 952 |
|
|
|0 0
|1 0
|2 ddc
|4 0
|6 658_840000000000000_INT
|7 0
|9 44442
|a BRACUL
|b BRACUL
|c GEN
|d 2014-12-09
|e Development Book Agency
|g 1500.00
|l 5
|m 28
|o 658.84 INT
|p 3010028638
|r 2016-03-24
|s 2016-01-26
|t 1
|w 2014-12-09
|y BK
|
| 952 |
|
|
|0 0
|1 0
|2 ddc
|4 0
|6 658_840000000000000_INT
|7 0
|9 44443
|a BRACUL
|b BRACUL
|c GEN
|d 2014-12-09
|e Development Book Agency
|g 1500.00
|l 5
|m 37
|o 658.84 INT
|p 3010028642
|r 2017-07-18
|s 2017-07-17
|t 2
|w 2014-12-09
|y BK
|